| 000 | 00795nam a2200301Ia 4500 | ||
|---|---|---|---|
| 001 | 79774 | ||
| 003 | IT-RoPAU | ||
| 008 | 130308s9999 xx 000 0 und d | ||
| 040 | _aIT-RoPAU | ||
| 040 | _cIT-RoPAU | ||
| 041 | _aFRANCESE | ||
| 100 | _aRonat Mitsou | ||
| 100 | _gCodice Aut. SPICS: 1918 | ||
| 245 | _aUne contrainte sur l'effacement du nom | ||
| 245 | _bLangue-Theorie generative Etendue | ||
| 250 | _a1a ed. | ||
| 260 | _aPARIS | ||
| 260 | _bHermann | ||
| 260 | _c1977 [1° Ed.:1977 - Ed.Ling.Originale:1977] | ||
| 300 | _a"17 p. (prefazione: no ; testo: 17 [pagine: 153-169])" | ||
| 500 | _aVincolo Sulla Cancellatura del Nome | ||
| 650 | _aLINGUISTICA | ||
| 650 | _eCodice materia Spics: 3201 | ||
| 942 | _cBK | ||
| 957 | _71 | ||
| 999 |
_c39632 _d39632 |
||
| 999 | _bSI | ||
| 999 | _g1 | ||